LIBRARY ONLINE CATALOGUE

Community : (Record no. 21548)

MARC details
000 -LEADER
fixed length control field 03758cam a2200397 i 4500
001 - CONTROL NUMBER
control field 20333442
003 - CONTROL NUMBER IDENTIFIER
control field OSt
005 - DATE AND TIME OF LATEST TRANSACTION
control field 20260318121748.0
008 - FIXED-LENGTH DATA ELEMENTS--GENERAL INFORMATION
fixed length control field 180201s2018 cau 000 0 eng
010 ## - LIBRARY OF CONGRESS CONTROL NUMBER
LC control number 2018003687
020 ## - INTERNATIONAL STANDARD BOOK NUMBER
International Standard Book Number 9781523095568
Qualifying information paperback
035 ## - SYSTEM CONTROL NUMBER
System control number 20333442
040 ## - CATALOGING SOURCE
Original cataloging agency DLC
Language of cataloging eng
Transcribing agency DLC
Description conventions rda
Modifying agency DLC
042 ## - AUTHENTICATION CODE
Authentication code pcc
050 00 - LIBRARY OF CONGRESS CALL NUMBER
Classification number HM756
Item number .B56 2018
082 00 - DEWEY DECIMAL CLASSIFICATION NUMBER
Classification number 307
Edition number 23
084 ## - OTHER CLASSIFICATION NUMBER
Classification number BUS085000
-- SOC026000
-- SOC005000
Number source bisacsh
100 1# - MAIN ENTRY--PERSONAL NAME
Personal name Block, Peter,
Relator term author.
245 10 - TITLE STATEMENT
Title Community :
Remainder of title the structure of belonging /
Statement of responsibility, etc. Peter Block.
250 ## - EDITION STATEMENT
Edition statement Second Edition Revised and Updated.
264 #1 - PRODUCTION, PUBLICATION, DISTRIBUTION, MANUFACTURE, AND COPYRIGHT NOTICE
Place of production, publication, distribution, manufacture Oakland :
Name of producer, publisher, distributor, manufacturer Berrett-Koehler Publishers Inc. a BK Business book,
Date of production, publication, distribution, manufacture, or copyright notice 2018.
300 ## - PHYSICAL DESCRIPTION
Extent xix, 229 pages ;
Dimensions 23 cm
336 ## - CONTENT TYPE
Content type term text
Content type code txt
Source rdacontent
337 ## - MEDIA TYPE
Media type term unmediated
Media type code n
Source rdamedia
338 ## - CARRIER TYPE
Carrier type term volume
Carrier type code nc
Source rdacarrier
500 ## - GENERAL NOTE
General note Revised edition of the author's Community, c2008.
520 ## - SUMMARY, ETC.
Summary, etc. "The expanded and revised edition of Community tackles the hysteric rise of isolation and fear in a digitally interconnected world. In the second edition of Community, author Peter Block offers practical advice and uplifting stories as a way to reject the increasing pull towards isolation and fear of the stranger in a new world of constant connection. This book explores the benefits of community and belonging to foster social change and reconciliation. As we continue to find new ways of being in constant connection with each other through technology, our workplaces are depopulated and we face growing trends of fundamentalism and nationalism, our fear of the stranger deepens. Block challenges this mindset and proves that community and the structure of belonging has the power to bring about positive social change when supported by the frameworks of compassion, equity and respect for the other. Backed by extensive research, this updated and expanded edition illuminates successful stories of community building as a form of healing. Covering stories about political gridlocks, poverty, people of faith, to institutional life, this revolutionary book offers a compelling argument of why we need community now more than ever"--
Assigning source Provided by publisher.
520 ## - SUMMARY, ETC.
Summary, etc. "In the second edition of Community, author Peter Block offers practical advice and uplifting stories as a way to reject the increasing pull towards isolation and fear of the stranger in a new world of constant connection. This book explores the benefits of community and belonging to foster social change and reconciliation. As we continue to find new ways of being in constant connection with each other through technology, our workplaces are depopulated and we face growing trends of fundamentalism and nationalism, our fear of the stranger deepens. Block challenges this mindset and proves that community and the structure of belonging has the power to bring about positive social change when supported by the frameworks of compassion, equity and respect for the other. Backed by extensive research, this updated and expanded edition illuminates successful stories of community building as a form of healing. Covering stories about political gridlocks, poverty, people of faith, to institutional life, this revolutionary book offers a compelling argument of why we need community now more than ever"--
Assigning source Provided by publisher.
650 #0 - SUBJECT ADDED ENTRY--TOPICAL TERM
Topical term or geographic name as entry element Communities.
650 #7 - SUBJECT ADDED ENTRY--TOPICAL TERM
Topical term or geographic name as entry element BUSINESS & ECONOMICS / Organizational Behavior.
Source of heading or term bisacsh
650 #7 - SUBJECT ADDED ENTRY--TOPICAL TERM
Topical term or geographic name as entry element SOCIAL SCIENCE / Sociology / General.
Source of heading or term bisacsh
650 #7 - SUBJECT ADDED ENTRY--TOPICAL TERM
Topical term or geographic name as entry element SOCIAL SCIENCE / Customs & Traditions.
Source of heading or term bisacsh
906 ## - LOCAL DATA ELEMENT F, LDF (RLIN)
a 7
b cbc
c orignew
d 1
e ecip
f 20
g y-gencatlg
942 ## - ADDED ENTRY ELEMENTS (KOHA)
Source of classification or shelving scheme Library of Congress Classification
Koha item type General Collection
Holdings
Withdrawn status Lost status Source of classification or shelving scheme Not for loan Home library Current library Shelving location Date acquired Source of acquisition Inventory number Total Checkouts Full call number Barcode Date last seen Copy number Price effective from Koha item type
    Library of Congress Classification   Kabarak, Main Campus Kabarak, Main Campus General Stacks 18/03/2026 Donation 2025/2825   HM756 .B56 2018 C.1 39279 18/03/2026 C.1 18/03/2026 General Collection